000 00653nam a2200193Ii 4500
003 JO-AjNU
008 230605s9999||||xx |||||||||||||| ||und||
040 _aJO-AjNU
_bara
_erda
_cJO-AjNU
041 _aara
050 1 4 _aBP134.S3.M8796 1986
100 3 _aمروه، يوسف,
_eauthor
_942523
245 0 0 _aالعلوم الطبيعية في القرآن
264 3 1 _aبيروت: منشورات مروه العلمية، 1986
300 _a282ص
336 _atext
_btxt
_2rdacontent
337 _aunmediated
_bn
_2rdamedia
338 _avolume
_bnc
_2rdacarrier
650 4 _aالقران والعلوم - الطبيعة في القران
_942524
999 _aA18214
_c21782
_d21782